Normal view
MARC view
- Mukheriji.S.etal.
Entry Personal Name
001 - CONTROL NUMBER
- control field: 5048
003 - CONTROL NUMBER IDENTIFIER
- control field: OSt
005 - DATE AND TIME OF LATEST TRANSACTION
- control field: 20180119080550.0
008 - FIXED-LENGTH DATA ELEMENTS
- fixed length control field: 180119|| aca||aabn | a|a d
040 ## - CATALOGING SOURCE
- Original cataloging agency: OSt
- Transcribing agency: OSt
100 ## - HEADING--PERSONAL NAME
- Personal name: Mukheriji.S.etal.
670 ## - SOURCE DATA FOUND
- Source citation: Work cat.: (OSt): Mukheriji.S.etal., Our World then and Now, 2008